[Event "SK Königsspringer Nordwalde 1 - SG Turm"]
[Site "Verbandsklasse 2015/2016"]
[Date "2015.09.19"]
[Round "1.1"]
[White "Bölker, Franz"]
[Black "Sandmann, Matthias"]
[Result "1-0"]
[WhiteElo "1806"]
[BlackElo "1786"]
[PlyCount "47"]
[EventDate "2015.??.??"]
[SourceDate "2015.10.31"]

1. d4 g6 2. c4 Bg7 3. Nc3 c5 4. d5 d6 5. e4 e6 6. Bd3 exd5 7. exd5 Nf6 8. Nf3
O-O 9. O-O a6 10. Bg5 Qc7 11. h3 Bd7 12. a4 Qb6 13. Qd2 Re8 14. Nh4 Qb3 15. g4
Bc8 16. Rab1 Nbd7 17. Qf4 Ne5 18. Be2 Nfd7 19. Ne4 Nxc4 20. Bxc4 Qc2 21. Nxd6
f6 22. Nxe8 fxg5 23. d6+ Kh8 24. Qf7 1-0

[Event "SK Königsspringer Nordwalde 1 - SG Turm"]
[Site "Verbandsklasse 2015/2016"]
[Date "2015.09.19"]
[Round "1.2"]
[White "Lerke, Bernd"]
[Black "Brömmel, Chris"]
[Result "1/2-1/2"]
[WhiteElo "1869"]
[BlackElo "1792"]
[PlyCount "65"]
[EventDate "2015.??.??"]
[SourceDate "2015.10.31"]

1. c4 Nf6 2. Nc3 d5 3. cxd5 Nxd5 4. g3 c6 5. Bg2 e5 6. Nf3 Bd6 7. O-O O-O 8. e4
Nf6 9. d4 Bg4 10. dxe5 Bxf3 11. Bxf3 Bxe5 12. Qb3 Qe7 13. Be3 b6 14. Rfe1 Nbd7
15. Rad1 Rfd8 16. Qc4 Bxc3 17. Qxc3 Rac8 18. Bd4 c5 19. Bxf6 Nxf6 20. e5 Ne8
21. Bd5 Nc7 22. Bc4 b5 23. Bb3 c4 24. Bc2 Qc5 25. Bf5 Ne6 26. a3 Qb6 27. Bxe6
fxe6 28. Qf3 a5 29. Qg4 Rf8 30. Re2 Rcd8 31. Rd6 Rxd6 32. exd6 Qxd6 33. Qxe6+
1/2-1/2

[Event "SK Königsspringer Nordwalde 1 - SG Turm"]
[Site "Verbandsklasse 2015/2016"]
[Date "2015.09.19"]
[Round "1.3"]
[White "Fasselt, Hendrik"]
[Black "Wetterau, Georg"]
[Result "1/2-1/2"]
[WhiteElo "1804"]
[BlackElo "1775"]
[PlyCount "118"]
[EventDate "2015.??.??"]
[SourceDate "2015.10.31"]

1. b3 d5 2. Bb2 Nc6 3. e3 e5 4. Bb5 Qf6 5. f4 Qg6 6. Bxc6+ bxc6 7. Bxe5 Qxg2 8.
Qf3 Qg6 9. d3 Bg4 10. Qg3 O-O-O 11. Nf3 Bxf3 12. Qxf3 Be7 13. Nd2 Bf6 14. Qh3+
Kb7 15. Nf3 Bxe5 16. Nxe5 Qf6 17. d4 Qe7 18. Nd3 Ka8 19. Ne5 Qb4+ 20. Ke2 Qc3
21. Rac1 f6 22. Nf7 Nh6 23. Nxh8 Rxh8 24. Qd7 Kb7 25. Rhd1 g6 26. Rd3 Qb2 27.
Kd2 Nf5 28. Rc3 Rc8 29. Qxc6+ Kb8 30. Qxd5 Nd6 31. Re1 f5 32. Kd3 Qxa2 33. Qc6
Qa5 34. b4 Qa2 35. Rb3 Ne4 36. Rc1 Rd8 37. Qb5+ Ka8 38. Qa5 Qxa5 39. bxa5 Nc5+
40. Kc4 Nxb3 41. cxb3 Kb7 42. b4 a6 43. Kc5 c6 44. h4 Rd5+ 45. Kc4 Rd6 46. Rg1
Re6 47. Kd3 Kc7 48. Rc1 Kd6 49. Rc5 Re8 50. Re5 Rb8 51. Kc4 Rc8 52. Kc3 Rb8 53.
h5 Rf8 54. hxg6 hxg6 55. Kc4 Rc8 56. Kc3 Rh8 57. Kc4 Rc8 58. Rc5 Re8 59. Re5
Rc8 1/2-1/2

[Event "SK Königsspringer Nordwalde 1 - SG Turm"]
[Site "Verbandsklasse 2015/2016"]
[Date "2015.09.19"]
[Round "1.4"]
[White "Mense, Jens-Uwe"]
[Black "Kadenbach, Wolfgang"]
[Result "1/2-1/2"]
[WhiteElo "1795"]
[BlackElo "1731"]
[PlyCount "44"]
[EventDate "2015.??.??"]
[SourceDate "2015.10.31"]

1. e4 e6 2. d4 d5 3. Nc3 Bb4 4. exd5 exd5 5. Bd3 Nf6 6. Bg5 O-O 7. Nge2 Bxc3+
8. Nxc3 Re8+ 9. Ne2 Bg4 10. f3 Bh5 11. Qd2 Bg6 12. O-O-O Bxd3 13. Qxd3 Nbd7 14.
Rhe1 c6 15. Ng3 Qc7 16. Kb1 b5 17. Qf5 a5 18. Qf4 Qxf4 19. Bxf4 g6 20. Bd2 a4
21. Rxe8+ Rxe8 22. Re1 Nf8 1/2-1/2

[Event "SK Königsspringer Nordwalde 1 - SG Turm"]
[Site "Verbandsklasse 2015/2016"]
[Date "2015.09.19"]
[Round "1.5"]
[White "Suer, Julian"]
[Black "Holstegge, Ludger"]
[Result "1/2-1/2"]
[WhiteElo "1739"]
[BlackElo "1819"]
[PlyCount "67"]
[EventDate "2015.??.??"]
[SourceDate "2015.10.31"]

1. e4 c5 2. d4 cxd4 3. c3 dxc3 4. Nxc3 Nc6 5. Nf3 d6 6. Bc4 e6 7. O-O a6 8. Qe2
Qc7 9. Bf4 Nge7 10. Rfd1 Ng6 11. Bg3 Be7 12. Rac1 O-O 13. Bb3 Qb8 14. h4 Rd8
15. h5 Nge5 16. Nxe5 dxe5 17. Rxd8+ Bxd8 18. h6 Bg5 19. Rd1 gxh6 20. Qg4 Qc7
21. Bh4 Qe7 22. Rd3 Kh8 23. Bg3 f5 24. exf5 exf5 25. Qc4 Bd7 26. Nd5 Be6 27.
Nxe7 Bxc4 28. Nxc6 Bxb3 29. Bxe5+ Kg8 30. Rxb3 bxc6 31. Rb7 Rd8 32. Rg7+ Kf8
33. f4 Bxf4 34. Bc3 1/2-1/2

[Event "SK Königsspringer Nordwalde 1 - SG Turm"]
[Site "Verbandsklasse 2015/2016"]
[Date "2015.09.19"]
[Round "1.6"]
[White "Steens, Rudolf"]
[Black "Cvetkovic, Reinhard"]
[Result "1-0"]
[WhiteElo "1744"]
[BlackElo "1706"]
[PlyCount "113"]
[EventDate "2015.??.??"]
[SourceDate "2015.10.31"]

1. e4 Nc6 2. Nc3 g6 3. d4 e5 4. Nf3 Bg7 5. Be3 a6 6. Bc4 Nge7 7. a3 d6 8. Qd2
Bg4 9. d5 Nb8 10. Be2 O-O 11. h3 Bc8 12. Bh6 f5 13. Bxg7 Kxg7 14. O-O-O Nd7 15.
h4 Nf6 16. Bd3 b5 17. Ng5 Rb8 18. f3 b4 19. axb4 Rxb4 20. Ne2 Rb6 21. exf5 gxf5
22. Ne6+ Bxe6 23. dxe6 Qe8 24. g4 f4 25. h5 Qa4 26. Qc3 Rfb8 27. b3 Qa3+ 28.
Kd2 Nfd5 29. Ra1 Qb4 30. Qxb4 Nxb4 31. h6+ Kg8 32. Bf5 Rc6 33. c3 Nbd5 34. b4
Ne3 35. Bd3 d5 36. Rh5 Rxe6 37. Rxa6 Rxa6 38. Bxa6 Rb6 39. Rxe5 Ng6 40. Re8+
Kf7 41. Ra8 Ne5 42. Nd4 c5 43. bxc5 Rxh6 44. Ra7+ Ke8 45. Bb5+ Kd8 46. c6 N3c4+
47. Bxc4 dxc4 48. Ke2 Nd3 49. c7+ Kc8 50. Nf5 Re6+ 51. Kd2 Ne5 52. Nd4 Rd6 53.
Kc2 Rb6 54. Ra5 Nd3 55. Nb5 Kd7 56. Ra8 Rc6 57. Rd8+ 1-0

[Event "SK Königsspringer Nordwalde 1 - SG Turm"]
[Site "Verbandsklasse 2015/2016"]
[Date "2015.09.19"]
[Round "1.7"]
[White "Droste, Laurenz"]
[Black "Keller, Hansjürgen"]
[Result "1/2-1/2"]
[WhiteElo "1612"]
[BlackElo "1551"]
[PlyCount "58"]
[EventDate "2015.??.??"]
[SourceDate "2015.10.31"]

1. f4 d5 2. e3 Nf6 3. b3 g6 4. Bb2 Bg7 5. Be2 O-O 6. Nf3 c5 7. c4 e6 8. Nc3 Nc6
9. O-O a6 10. Na4 b6 11. d4 cxd4 12. Nxd4 Bd7 13. Rc1 Nxd4 14. Bxd4 Bxa4 15.
bxa4 dxc4 16. Bxc4 b5 17. axb5 axb5 18. Bb3 Qa5 19. Qe2 Rfc8 20. Qb2 Ne8 21.
Bxg7 Nxg7 22. g4 Qb6 23. Qe2 Rc5 24. Qf3 Rac8 25. Rxc5 Qxc5 26. Rd1 Qc7 27. Qe2
Qc6 28. Kf2 Ne8 29. Qf3 Qc7 1/2-1/2

[Event "SK Königsspringer Nordwalde 1 - SG Turm"]
[Site "Verbandsklasse 2015/2016"]
[Date "2015.09.19"]
[Round "1.8"]
[White "Tost, Ottfried"]
[Black "Aschenbrenner, Günter"]
[Result "1-0"]
[WhiteElo "1468"]
[BlackElo "1459"]
[PlyCount "120"]
[EventDate "2015.??.??"]
[SourceDate "2015.10.31"]

1. e4 g6 2. f4 d6 3. Nf3 Bg7 4. Be2 Nf6 5. d3 Nc6 6. O-O e5 7. Qe1 Qe7 8. Nc3
Bg4 9. h3 Bxf3 10. Bxf3 Nd4 11. Bd1 c6 12. Qh4 O-O-O 13. fxe5 Qxe5 14. Bg5 Ne6
15. Bxf6 Bxf6 16. Qxf6 Qc5+ 17. Kh1 Rhf8 18. Bg4 Rde8 19. Qf2 Qa5 20. d4 Kb8
21. Rae1 Ng5 22. Qf4 Kc7 23. d5 Re5 24. h4 h5 25. hxg5 hxg4 26. g3 Qb4 27. Qc1
Qd4 28. Rf4 Kc8 29. Qe3 Qxe3 30. Rxe3 Rxg5 31. Re2 Rh8+ 32. Rh2 Rxh2+ 33. Kxh2
f5 34. Ne2 cxd5 35. exf5 gxf5 36. Nd4 Kd7 37. Rxf5 Rxf5 38. Nxf5 Ke6 39. Ne3 d4
40. Nxg4 Kf5 41. Nf2 d5 42. Kg2 b5 43. Kf3 a5 44. Ke2 Ke5 45. Kd3 a4 46. g4 b4
47. g5 Kf5 48. Kxd4 Kxg5 49. Kxd5 b3 50. axb3 axb3 51. c4 Kf6 52. c5 Ke7 53.
Ne4 Kd7 54. Nd2 Kc7 55. Nxb3 Kb7 56. Nd4 Kc7 57. b4 Kb7 58. b5 Kc7 59. Ne6+ Kb7
60. Kd6 Kb8 1-0

[Event "SF Beelen 2 - Südlohner SV 2"]
[Site "Verbandsklasse 2015/2016"]
[Date "2015.09.19"]
[Round "1.1"]
[White "Sparwel, Oliver"]
[Black "Hofene, Josef"]
[Result "1/2-1/2"]
[WhiteElo "1965"]
[BlackElo "1697"]
[PlyCount "86"]
[EventDate "2015.??.??"]
[SourceDate "2015.10.31"]

1. Nf3 Nf6 2. c4 c5 3. Nc3 Nc6 4. g3 g6 5. Bg2 Bg7 6. O-O O-O 7. e3 d6 8. d4 e5
9. dxc5 dxc5 10. b3 Qe7 11. Bb2 Nb4 12. e4 Rd8 13. Qe2 Bg4 14. h3 Bxf3 15. Bxf3
Nc6 16. Nd5 Nxd5 17. cxd5 Nd4 18. Bxd4 cxd4 19. Rac1 Rac8 20. Bg4 Rc7 21. Qd2
h5 22. Rxc7 Qxc7 23. Rc1 Qb8 24. Be2 Rc8 25. Rc2 Kh7 26. Qc1 Rxc2 27. Qxc2 Bf8
28. Qc4 Bd6 29. Kg2 Kg7 30. Bd3 Qc7 31. Qxc7 Bxc7 32. g4 h4 33. Kf3 g5 34. Ke2
Kf6 35. Bc2 Ke7 36. Kd3 Kd6 37. Kc4 Kd7 38. b4 Bd6 39. a4 Kc7 40. a5 Kd7 41.
Kb5 Kc7 42. Kc4 Kd8 43. Kb5 Kc7 1/2-1/2

[Event "SF Beelen 2 - Südlohner SV 2"]
[Site "Verbandsklasse 2015/2016"]
[Date "2015.09.19"]
[Round "1.2"]
[White "Fartmann, Franz-Josef"]
[Black "Richters, Alfred"]
[Result "0-1"]
[WhiteElo "1701"]
[BlackElo "1897"]
[PlyCount "26"]
[EventDate "2015.??.??"]
[SourceDate "2015.10.31"]

1. Nf3 e6 2. g3 f5 3. Bg2 Nf6 4. d3 Be7 5. c4 d6 6. Nc3 O-O 7. O-O Qe8 8. a3 e5
9. c5 a6 10. Qb3+ Kh8 11. Ng5 Nc6 12. Bxc6 bxc6 13. Ne6 Qf7 0-1

[Event "SF Beelen 2 - Südlohner SV 2"]
[Site "Verbandsklasse 2015/2016"]
[Date "2015.09.19"]
[Round "1.3"]
[White "Harbers, Gerard"]
[Black "Hofene, Werner"]
[Result "0-1"]
[WhiteElo "1856"]
[BlackElo "1721"]
[PlyCount "104"]
[EventDate "2015.??.??"]
[SourceDate "2015.10.31"]

1. e4 d6 2. d4 Nf6 3. Nc3 g6 4. Nf3 Bg7 5. Be2 O-O 6. O-O Bg4 7. Be3 Nbd7 8. h3
Bxf3 9. Bxf3 e5 10. Qd2 Re8 11. Rfe1 exd4 12. Bxd4 Ne5 13. Be2 Nc6 14. Bxf6
Bxf6 15. Bb5 Qd7 16. Nd5 Bg7 17. c3 a6 18. Ba4 b5 19. Bb3 Ne5 20. a4 Qxh3 21.
gxh3 Nf3+ 22. Kg2 Nxd2 23. Bc2 Rac8 24. axb5 axb5 25. Ra7 f5 26. Nxc7 Re5 27.
Nd5 Rce8 28. f4 Rxd5 29. Rd1 fxe4 30. Bb3 Nxb3 31. Rxd5 e3 32. Rd1 e2 33. Re1
Bf6 34. Kf3 Nd2+ 35. Kg4 Re3 36. Ra8+ Kf7 37. Ra7+ Ke8 38. Rxh7 Ne4 39. f5 Be5
40. fxg6 Nf6+ 41. Kf5 Nxh7 42. gxh7 Kf7 43. h8=Q Bxh8 44. Kf4 Re6 45. Kf3 Kg6
46. Rxe2 Rxe2 47. Kxe2 Kf5 48. Kd3 Bf6 49. b3 Kf4 50. c4 b4 51. h4 Bxh4 52. Kd4
Bf2+ 0-1

[Event "SF Beelen 2 - Südlohner SV 2"]
[Site "Verbandsklasse 2015/2016"]
[Date "2015.09.19"]
[Round "1.4"]
[White "Schemmann, Bernhard"]
[Black "Telöken, Stefan"]
[Result "1/2-1/2"]
[WhiteElo "1856"]
[BlackElo "1770"]
[PlyCount "52"]
[EventDate "2015.??.??"]
[SourceDate "2015.10.31"]

1. e4 c5 2. Nf3 d6 3. d4 cxd4 4. Nxd4 Nf6 5. Nc3 g6 6. g3 Bg7 7. Bg2 O-O 8. O-O
Nc6 9. Nde2 Bd7 10. h3 a6 11. Be3 b5 12. Qd2 Rc8 13. Rad1 Na5 14. b3 Qc7 15.
Bg5 Bc6 16. Nd4 Rfe8 17. Nxc6 Nxc6 18. Bxf6 exf6 19. Qxd6 Qxd6 20. Rxd6 Nb4 21.
Nd5 Rc6 22. Rd7 Nxd5 23. exd5 Rxc2 24. d6 Rd2 25. Rc1 Bf8 26. Bc6 Ree2 1/2-1/2

[Event "SF Beelen 2 - Südlohner SV 2"]
[Site "Verbandsklasse 2015/2016"]
[Date "2015.09.19"]
[Round "1.5"]
[White "Schmeing, Manfred"]
[Black "Bleier, Thomas"]
[Result "1/2-1/2"]
[WhiteElo "1746"]
[BlackElo "1651"]
[PlyCount "28"]
[EventDate "2015.??.??"]
[SourceDate "2015.10.31"]

1. e4 e6 2. d4 d5 3. exd5 exd5 4. Nf3 Bd6 5. Nc3 Ne7 6. Bb5+ c6 7. Bd3 Bg4 8.
h3 Bh5 9. Be3 h6 10. Qd2 Nd7 11. Nh4 f6 12. g4 Bf7 13. O-O-O Qc7 14. f4 O-O-O
1/2-1/2

[Event "SF Beelen 2 - Südlohner SV 2"]
[Site "Verbandsklasse 2015/2016"]
[Date "2015.09.19"]
[Round "1.6"]
[White "Hofene, Markus"]
[Black "Musholt, Joachim"]
[Result "0-1"]
[WhiteElo "1661"]
[BlackElo "1668"]
[PlyCount "52"]
[EventDate "2015.??.??"]
[SourceDate "2015.10.31"]

1. e4 c5 2. b3 e5 3. Bb2 Nc6 4. Nf3 d6 5. Be2 g6 6. O-O Bg7 7. d3 Nge7 8. Nbd2
O-O 9. a4 a6 10. Nc4 Be6 11. Nfd2 d5 12. exd5 Nxd5 13. Ne4 Qe7 14. Ba3 b6 15.
a5 f5 16. Nxb6 fxe4 17. Nxa8 Rxa8 18. dxe4 Nf4 19. Bb2 Rd8 20. Bd3 Bh3 21. g3
Bxf1 22. Qxf1 Nxd3 23. cxd3 Nb4 24. d4 exd4 25. Qc4+ Kh8 26. Rd1 Qxe4 0-1

[Event "SF Beelen 2 - Südlohner SV 2"]
[Site "Verbandsklasse 2015/2016"]
[Date "2015.09.19"]
[Round "1.7"]
[White "van de Laar, Han"]
[Black "Merkentrup, Ralf"]
[Result "1-0"]
[WhiteElo "1651"]
[BlackElo "1593"]
[PlyCount "21"]
[EventDate "2015.??.??"]
[SourceDate "2015.10.31"]

1. Nf3 c5 2. c4 Nf6 3. Nc3 Nc6 4. e3 b6 5. d4 cxd4 6. exd4 d5 7. cxd5 Nxd5 8.
Bb5 Bb7 9. Ne5 Rc8 10. Qf3 f6 11. Nxc6 1-0

[Event "SF Beelen 2 - Südlohner SV 2"]
[Site "Verbandsklasse 2015/2016"]
[Date "2015.09.19"]
[Round "1.8"]
[White "Leismann, Franz-Josef"]
[Black "Höing, Johannes"]
[Result "0-1"]
[WhiteElo "1546"]
[BlackElo "1793"]
[PlyCount "74"]
[EventDate "2015.??.??"]
[SourceDate "2015.10.31"]

1. d4 Nf6 2. Nf3 g6 3. g3 Bg7 4. Bg2 c5 5. c3 cxd4 6. cxd4 O-O 7. O-O d5 8. Nc3
Nc6 9. a3 a6 10. Re1 Ne4 11. Bf4 f5 12. Rc1 e6 13. Ne5 g5 14. Nxc6 bxc6 15. Be5
Nxc3 16. Rxc3 Bxe5 17. dxe5 Bd7 18. e3 Qe7 19. f4 Rfb8 20. Qe2 a5 21. Rec1 Be8
22. Bf3 g4 23. Bg2 Rb6 24. R1c2 Rab8 25. h3 h5 26. hxg4 hxg4 27. Qd2 Qb7 28.
Kh2 Rxb2 29. Rc5 Rxc2 30. Qxc2 Qb3 31. Qc1 Qb2 32. Qxb2 Rxb2 33. Rxa5 Re2 34.
Ra7 Kf8 35. Ra8 c5 36. a4 c4 37. Rc8 Ra2 0-1

[Event "SC Klein-Berlin Rheine 2 - Indische Dam"]
[Site "Verbandsklasse 2015/2016"]
[Date "2015.09.19"]
[Round "1.1"]
[White "Stevermüer, Rüdiger"]
[Black "van Dijk, Guido"]
[Result "1-0"]
[WhiteElo "1959"]
[BlackElo "1726"]
[PlyCount "47"]
[EventDate "2015.??.??"]
[SourceDate "2015.10.31"]

1. e4 c6 2. d3 d5 3. Nd2 dxe4 4. dxe4 e5 5. Bc4 Nf6 6. Ngf3 Bg4 7. Bxf7+ Ke7 8.
Bc4 Nbd7 9. O-O Nc5 10. h3 Bh5 11. Qe2 Qc7 12. b4 Ncd7 13. a4 Re8 14. c3 Kd8
15. a5 h6 16. Qe3 Qb8 17. g4 Bxg4 18. hxg4 Nxg4 19. Qe2 g5 20. Nxg5 hxg5 21.
Qxg4 Qd6 22. Nf3 Be7 23. Be3 Nf6 24. Qf5 1-0

[Event "SC Klein-Berlin Rheine 2 - Indische Dam"]
[Site "Verbandsklasse 2015/2016"]
[Date "2015.09.19"]
[Round "1.3"]
[White "Tenberge, Norbert"]
[Black "Hauk, Viktor"]
[Result "1-0"]
[WhiteElo "1832"]
[BlackElo "1772"]
[PlyCount "69"]
[EventDate "2015.??.??"]
[SourceDate "2015.10.31"]

1. c4 Nf6 2. Nc3 c5 3. Nf3 Nc6 4. e3 e6 5. d4 d5 6. Be2 Be7 7. O-O O-O 8. b3
cxd4 9. exd4 Ne4 10. Bb2 Nxc3 11. Bxc3 b6 12. Qd2 Bb7 13. Rfd1 Rc8 14. Rac1 Ba3
15. Bb2 Bxb2 16. Qxb2 Qf6 17. c5 bxc5 18. Rxc5 Nxd4 19. Nxd4 Rxc5 20. Qa3 Rfc8
21. b4 Rc3 22. Qxa7 Ba8 23. Nb3 e5 24. b5 d4 25. b6 Rc2 26. b7 Bxb7 27. Qxb7
Qf5 28. Qa6 g6 29. Rf1 Rb2 30. Bd3 Qg4 31. h3 Qd7 32. Qa3 Rbc2 33. Bxc2 Rxc2
34. Qa8+ Kg7 35. Qe4 1-0

[Event "SC Klein-Berlin Rheine 2 - Indische Dam"]
[Site "Verbandsklasse 2015/2016"]
[Date "2015.09.19"]
[Round "1.4"]
[White "Brinkmann, Franz-Josef"]
[Black "ter Veen, Michael"]
[Result "1/2-1/2"]
[WhiteElo "1769"]
[BlackElo "1755"]
[PlyCount "67"]
[EventDate "2015.??.??"]
[SourceDate "2015.10.31"]

1. e4 c5 2. Nf3 g6 3. d4 cxd4 4. Nxd4 Bg7 5. c3 d6 6. Be3 Nf6 7. f3 O-O 8. Bc4
Nc6 9. O-O Bd7 10. Na3 a6 11. Nac2 Na5 12. Be2 Rc8 13. Qd2 Qc7 14. Na3 d5 15.
e5 Ne8 16. f4 b5 17. Rac1 Nc4 18. Nxc4 dxc4 19. Rcd1 f5 20. Nf3 Bc6 21. Ng5 Qb7
22. Bf3 Nc7 23. Qf2 h6 24. Bxc6 Qxc6 25. Nf3 Ne6 26. Nd4 Nxd4 27. Bxd4 Rfd8 28.
Qh4 Rd7 29. g4 Rf8 30. g5 h5 31. Qe1 Rfd8 32. Qe3 e6 33. Rf2 Bf8 34. Rfd2
1/2-1/2

[Event "SC Klein-Berlin Rheine 2 - Indische Dam"]
[Site "Verbandsklasse 2015/2016"]
[Date "2015.09.19"]
[Round "1.5"]
[White "Glotzbach, Thomas"]
[Black "Miethe, Christoph"]
[Result "1-0"]
[WhiteElo "1718"]
[BlackElo "1712"]
[PlyCount "120"]
[EventDate "2015.??.??"]
[SourceDate "2015.10.31"]

1. e4 e5 2. Nf3 Nf6 3. Nc3 Nc6 4. Bc4 Nxe4 5. Nxe4 d5 6. Bb5 dxe4 7. Nxe5 Qd5
8. Bxc6+ bxc6 9. Ng4 f5 10. Ne3 Qf7 11. d3 Be6 12. dxe4 fxe4 13. Qd4 Bd6 14.
Qxe4 O-O 15. O-O Bd5 16. Nxd5 cxd5 17. Qg4 Rae8 18. Be3 Re4 19. Qd1 c5 20. c3
Rd8 21. Bg5 Rd7 22. f3 Re8 23. Bh4 Bf4 24. Re1 Be3+ 25. Bf2 Bxf2+ 26. Kxf2 Rxe1
27. Qxe1 Re7 28. Qd2 Qh5 29. h3 Qh4+ 30. Kf1 Qc4+ 31. Kf2 Qh4+ 32. Kg1 d4 33.
cxd4 cxd4 34. Rd1 Rd7 35. Qd3 Qf6 36. Qc4+ Kh8 37. b4 Qb6 38. Qc5 Kg8 39. Qxb6
axb6 40. a4 Kf7 41. Rc1 Ke6 42. Kf1 Kd5 43. a5 bxa5 44. bxa5 Ra7 45. Ra1 Kc5
46. a6 d3 47. Ke1 Kb4 48. Kd2 Kc4 49. f4 h6 50. g4 g6 51. h4 g5 52. hxg5 hxg5
53. fxg5 Kd4 54. Ra4+ Ke5 55. Kxd3 Kd5 56. g6 Kc6 57. g7 Ra8 58. a7 Kb7 59. Ke4
Re8+ 60. Kf5 Ka8 1-0

[Event "SC Klein-Berlin Rheine 2 - Indische Dam"]
[Site "Verbandsklasse 2015/2016"]
[Date "2015.09.19"]
[Round "1.6"]
[White "Huesmann, Stephan"]
[Black "Dittberner, Markus"]
[Result "1-0"]
[WhiteElo "1705"]
[BlackElo "1682"]
[PlyCount "53"]
[EventDate "2015.??.??"]
[SourceDate "2015.10.31"]

1. e4 c5 2. Nc3 Nc6 3. f4 d6 4. Nf3 e6 5. Be2 a6 6. O-O Qc7 7. d3 g6 8. Kh1 Bg7
9. Qe1 Nge7 10. Nd1 Nd4 11. Ne3 b5 12. Bd1 Bb7 13. Ng5 h6 14. Nxf7 Kxf7 15. c3
Ndc6 16. f5 exf5 17. Bb3+ Ke8 18. exf5 Rf8 19. Nd5 Qd8 20. f6 Bxf6 21. Rxf6 Rh8
22. Bf4 Ne5 23. Nxe7 c4 24. Bxe5 dxe5 25. Qxe5 Qxe7 26. Re6 Rh7 27. Re1 1-0

[Event "SC Klein-Berlin Rheine 2 - Indische Dam"]
[Site "Verbandsklasse 2015/2016"]
[Date "2015.09.19"]
[Round "1.7"]
[White "Wichmann, Norbert"]
[Black "Wilde, Jürgen"]
[Result "1/2-1/2"]
[WhiteElo "1732"]
[BlackElo "1619"]
[PlyCount "153"]
[EventDate "2015.??.??"]
[SourceDate "2015.10.31"]

1. d4 d5 2. Nf3 Nf6 3. c4 c6 4. g3 e6 5. Bg2 Bd6 6. Nbd2 Nbd7 7. O-O O-O 8. a3
b5 9. c5 Bc7 10. b4 Bb7 11. Bb2 Qe7 12. Ne5 Nxe5 13. dxe5 Nd7 14. f4 f6 15.
exf6 Nxf6 16. e4 a5 17. e5 Nd7 18. Nb3 axb4 19. axb4 Rxa1 20. Bxa1 Ra8 21. Nd4
Ra4 22. Bc3 Nxc5 23. bxc5 Qxc5 24. Qd2 Bb6 25. Rd1 Rc4 26. Ba1 Rc2 27. Qe3 Qc4
28. Bf1 Qa2 29. f5 Bc8 30. g4 Rxh2 31. Bc3 Rh6 32. Rd2 Qb1 33. g5 Rh4 34. Rb2
Bxd4 35. Qxd4 Rxd4 36. Rxb1 Rg4+ 37. Kh2 Rxg5 38. Bh3 exf5 39. Re1 Kf7 40. Bd2
Rh5 41. Rf1 Ke6 42. Kg3 g6 43. Rc1 Bd7 44. Ra1 Kxe5 45. Bc3+ Kd6 46. Bb4+ c5
47. Ra6+ Ke5 48. Bd2 g5 49. Bf1 f4+ 50. Kf2 g4 51. Ra7 Bf5 52. Re7+ Kf6 53. Rc7
Rh2+ 54. Ke1 Ke5 55. Rxc5 Be4 56. Rxb5 g3 57. Bc3+ Kf5 58. Bc4 Rh1+ 59. Kd2 g2
60. Bd4 Ke6 61. Rb6+ Kd7 62. Bb5+ Ke7 63. Bc5+ Kf7 64. Rb7+ Kg6 65. Be8+ Kf5
66. Rg7 f3 67. Bd4 Ke6 68. Bc5 Rh6 69. Bd7+ Ke5 70. Ke3 Rg6 71. Re7+ Kf6 72.
Re6+ Kg7 73. Rxg6+ Kxg6 74. Kf4 Kh5 75. Bf2 Kg6 76. Be8+ Kf6 77. Bd4+ 1/2-1/2

[Event "SC Klein-Berlin Rheine 2 - Indische Dam"]
[Site "Verbandsklasse 2015/2016"]
[Date "2015.09.19"]
[Round "1.8"]
[White "van Dam, Hans"]
[Black "Janocha, Hans-Dieter"]
[Result "0-1"]
[WhiteElo "1563"]
[BlackElo "1567"]
[PlyCount "73"]
[EventDate "2015.??.??"]
[SourceDate "2015.10.31"]

1. e4 d6 2. d4 Nf6 3. Nc3 c6 4. Nf3 g6 5. h3 Bg7 6. Bd3 Nbd7 7. e5 dxe5 8. dxe5
Nd5 9. Nxd5 cxd5 10. Qe2 O-O 11. e6 Nc5 12. exf7+ Rxf7 13. c3 Rf6 14. O-O b6
15. Bg5 Re6 16. Qd2 a5 17. Rfe1 Qf8 18. Rxe6 Bxe6 19. Re1 Ra7 20. Kh2 Bf7 21.
Bc2 Rd7 22. Ne5 Qb8 23. Bf4 Bxe5 24. Bxe5 Qf8 25. Qe3 Qd8 26. Bd4 Qb8+ 27. g3
Ne6 28. Be5 Qd8 29. Ba4 Ra7 30. Bc6 Nc5 31. Bf4 Ne6 32. Bh6 Qd6 33. Bb5 Qc5 34.
Qd3 Qxf2+ 35. Kh1 Qxe1+ 36. Kh2 Nc5 37. Qe3 0-1

[Event "SK Ochtrup 1 - Schach Nienberge 2"]
[Site "Verbandsklasse 2015/2016"]
[Date "2015.09.19"]
[Round "1.1"]
[White "da Costa Campos, André"]
[Black "Jacob, Helmut"]
[Result "1/2-1/2"]
[WhiteElo "1950"]
[BlackElo "2002"]
[PlyCount "65"]
[EventDate "2015.??.??"]
[SourceDate "2015.10.31"]

1. e4 c5 2. Nf3 g6 3. d4 cxd4 4. Nxd4 Nc6 5. Nc3 Bg7 6. Be3 Nf6 7. Bc4 Qa5 8.
O-O O-O 9. Bb3 d6 10. h3 Bd7 11. Kh1 Nxd4 12. Bxd4 Bc6 13. Qd3 Nd7 14. Bxg7
Kxg7 15. Rae1 Qc5 16. f4 b5 17. a3 a5 18. Bd5 Rac8 19. Re2 Bxd5 20. exd5 b4 21.
Na4 Qc4 22. Qxc4 Rxc4 23. b3 Rd4 24. axb4 axb4 25. Rxe7 Nf6 26. Nb6 Rb8 27. Nc4
Nxd5 28. Rd7 Rxf4 29. Rxf4 Nxf4 30. Nxd6 Rf8 31. Rb7 Nd5 32. Kg1 Kf6 33. Kf2
1/2-1/2

[Event "SK Ochtrup 1 - Schach Nienberge 2"]
[Site "Verbandsklasse 2015/2016"]
[Date "2015.09.19"]
[Round "1.2"]
[White "Schwietering, Ralf"]
[Black "Melkert, Tim"]
[Result "1-0"]
[WhiteElo "1878"]
[BlackElo "1905"]
[PlyCount "51"]
[EventDate "2015.??.??"]
[SourceDate "2015.10.31"]

1. e4 e6 2. d4 d5 3. exd5 exd5 4. Bd3 Bd6 5. Nc3 c6 6. h3 Ne7 7. Qh5 Qb6 8. Nf3
Nd7 9. Ng5 g6 10. Qh4 Nf8 11. O-O Bf5 12. Bxf5 Nxf5 13. Re1+ Be7 14. Qf4 Qxd4
15. Rxe7+ Kxe7 16. Qc7+ Nd7 17. Nf3 Qb6 18. Bg5+ Kf8 19. Qxd7 Kg7 20. Ne5 Rhf8
21. Ng4 Rfd8 22. Bf6+ Kf8 23. Ne5 Rxd7 24. Nxd7+ Kg8 25. Nxb6 axb6 26. g4 1-0

[Event "SK Ochtrup 1 - Schach Nienberge 2"]
[Site "Verbandsklasse 2015/2016"]
[Date "2015.09.19"]
[Round "1.3"]
[White "Kluczka, Konrad"]
[Black "Boshe-Plois, Stefan"]
[Result "1-0"]
[WhiteElo "1807"]
[BlackElo "1763"]
[PlyCount "45"]
[EventDate "2015.??.??"]
[SourceDate "2015.10.31"]

1. e4 c5 2. c3 d5 3. exd5 Qxd5 4. d4 cxd4 5. cxd4 a6 6. Nc3 Qd8 7. Nf3 Nf6 8.
Bd3 Nc6 9. h3 e6 10. O-O Be7 11. a3 O-O 12. Re1 b5 13. Bg5 Bb7 14. Qd2 h6 15.
Bxh6 Nxd4 16. Nxd4 gxh6 17. Qxh6 Qxd4 18. Re3 Bd6 19. Rd1 Bf4 20. Rg3+ Bxg3 21.
Bh7+ Nxh7 22. Rxd4 f5 23. Rd7 1-0

[Event "SK Ochtrup 1 - Schach Nienberge 2"]
[Site "Verbandsklasse 2015/2016"]
[Date "2015.09.19"]
[Round "1.4"]
[White "Holtmannspötter, Thomas"]
[Black "Schipke, Thorsten"]
[Result "1-0"]
[WhiteElo "1762"]
[BlackElo "1793"]
[PlyCount "79"]
[EventDate "2015.??.??"]
[SourceDate "2015.10.31"]

1. e4 c5 2. Nf3 e6 3. d4 cxd4 4. Nxd4 Nf6 5. e5 Nd5 6. c4 Nc7 7. Nc3 Nc6 8.
Nxc6 bxc6 9. Ne4 Bb4+ 10. Bd2 Bxd2+ 11. Qxd2 O-O 12. g3 Ne8 13. Bg2 f6 14. exf6
Nxf6 15. Nd6 a5 16. O-O a4 17. b4 Rb8 18. Rab1 Qc7 19. c5 Ba6 20. Rfe1 Ng4 21.
f4 Qd8 22. Rbd1 Nf6 23. f5 exf5 24. Nxf5 Bc4 25. Qg5 g6 26. Ne7+ Kg7 27. Nxc6
Qc7 28. Nxb8 Qxb8 29. Re7+ Kg8 30. a3 Qd8 31. Rde1 Be6 32. R7xe6 dxe6 33. Qe5
Re8 34. Bc6 Ng4 35. Qf4 Rf8 36. Qxg4 Qd2 37. Qxe6+ Kg7 38. Qe7+ Rf7 39. Qe5+
Kh6 40. Qe3+ 1-0